01404namaa2200241 i 4500001000700000003000900007005001700016008004100033040002300074080001300097100003200110245011900142260005700261300002900318490006100347500015800408500019300566500001900759700002500778830006000803852018200863852011701045173894ES-MaACL20250920063112.0100128s1854 sp || |||| | spa d aSpMaBN bspa cPAB a78.089.11 aAzcona, Agustín, dm.185510aMoreto b: zarzuela en tres actos y en verso / cletra de D. Agustín Azcona ; música de D. Cristóbal Oudrid. aMadrid : b[s.n.], c1854 (fImp. de J. Rodríguez) a90 p., [1] h. ; c17 cm.1 aEl teatro: colección de obras dramáticas y líricas aEn la última hoja, nota de los autores declarando haber suprimido en la representación varias estrofas, por la duración excesiva del espectáculo. aEn las páginas 2-4 de la cubierta: "Catálogo de las obras dramáticas y líricas de la galería El teatro; Zarzuelas; puntos de venta y comisionados principales: provincias, Madrid" aSolo la letra.0 aOudrid, Cristóbal.03aEl teatro: colección de obras dramática y líricas aES-MaACLjF-8627(3) z.- Enc. pasta española q.- Falto de la cub. originalz.- Enc. en un vol. facticio formando parte de la col. facticia "Teatro español moderno", vol. 82 aES-MaACLjD-1748(1) z.- Legado M. de la Fuente z.- Encuadernada con otras obras q.- Conserva la cub. original